00523nam a2200181 a 4500001001300000003000900013005001700022008004100039020000900080082001800089100002700107245006200134260005800196300000900254500003500263650001600298700002700314nice12345678IN_TiNIC20260116012649.0080207s2000 hyda grp 000 0 eng  ac1000a891.4394bSID aSiddiqi, Maqbool Ahmed aUrdu Adab Ke Irteqa Mein Mawlana Abul Kalam Azad Ka Hissa aHyderabad bAbul Kalam Azad Oriental Res. Inst c2000 a144p aincludes index and biblioraphy aUrdu-Essays1 aSiddiqi, Maqbool Ahmed